000 00418nam a2200181Ia 4500
001 14593
005 20260306164925.0
008 260306t2012||||xx |||||||||||||| ||spa||
041 _aESP
082 _a515.33
_bS748
100 _aSiu K. Ricardo
_eAUT
245 0 _aCalculo diferencial:
_bteorĂ­a y aplicaciones
260 _c2012
300 _a
_c
650 _aGEN
654 _aCMA
942 _cLIB
_dJUS
_fJUS
_2ddc
_n
999 _c14593
_d14593